Engineering hydrology / (Record no. 26422)

MARC details
000 -LEADER
fixed length control field 01236cam a22003254a 4500
001 - CONTROL NUMBER
control field 15444316
003 - CONTROL NUMBER IDENTIFIER
control field OSt
005 - DATE AND TIME OF LATEST TRANSACTION
control field 20220111090707.0
008 - FIXED-LENGTH DATA ELEMENTS--GENERAL INFORMATION
fixed length control field 080909s2008 enka b 001 0 eng
010 ## - LIBRARY OF CONGRESS CONTROL NUMBER
LC control number 2008276835
020 ## - INTERNATIONAL STANDARD BOOK NUMBER
International Standard Book Number 0195694619
020 ## - INTERNATIONAL STANDARD BOOK NUMBER
International Standard Book Number 9780195694611
040 ## - CATALOGING SOURCE
Original cataloging agency DLC
Transcribing agency HU
Modifying agency DLC
050 00 - LIBRARY OF CONGRESS CALL NUMBER
Classification number GB661.2
Item number .O44 2008
082 00 - DEWEY DECIMAL CLASSIFICATION NUMBER
Classification number 551.48
Edition number 22
100 1# - MAIN ENTRY--PERSONAL NAME
Personal name Ojha, C. Shekhar P.
9 (RLIN) 16216
245 10 - TITLE STATEMENT
Title Engineering hydrology /
Statement of responsibility, etc. C.S.P. Ojha, R. Berndtsson, P. Bhunya.
260 ## - PUBLICATION, DISTRIBUTION, ETC.
Place of publication, distribution, etc. Oxford ;
-- New York :
Name of publisher, distributor, etc. Oxford University Press,
Date of publication, distribution, etc. 2008.
300 ## - PHYSICAL DESCRIPTION
Extent xiii, 445 p. :
Other physical details ill. ;
Dimensions 24 cm.
490 0# - SERIES STATEMENT
Series statement Oxford higher education
504 ## - BIBLIOGRAPHY, ETC. NOTE
Bibliography, etc. note Includes bibliographical references and index.
650 #0 - SUBJECT ADDED ENTRY--TOPICAL TERM
Topical term or geographic name entry element Hydrology
Form subdivision Textbooks.
9 (RLIN) 16217
650 #0 - SUBJECT ADDED ENTRY--TOPICAL TERM
Topical term or geographic name entry element Hydraulic engineering
Form subdivision Textbooks.
9 (RLIN) 16218
700 1# - ADDED ENTRY--PERSONAL NAME
Personal name Berndtsson, R.
9 (RLIN) 16219
700 1# - ADDED ENTRY--PERSONAL NAME
Personal name Bhunya, P.
9 (RLIN) 16220
856 42 - ELECTRONIC LOCATION AND ACCESS
Materials specified Publisher description
Uniform Resource Identifier <a href="http://www.loc.gov/catdir/enhancements/fy0907/2008276835-d.html">http://www.loc.gov/catdir/enhancements/fy0907/2008276835-d.html</a>
906 ## - LOCAL DATA ELEMENT F, LDF (RLIN)
a 7
b cbc
c origres
d 2
e ncip
f 20
g y-gencatlg
942 ## - ADDED ENTRY ELEMENTS (KOHA)
Source of classification or shelving scheme Dewey Decimal Classification
Koha item type Books like text book referance book
Suppress in OPAC No
Holdings
Withdrawn status Lost status Source of classification or shelving scheme Damaged status Not for loan Collection code Home library Current library Shelving location Date acquired Total Checkouts Full call number Barcode Date last seen Copy number Price effective from Koha item type
    Dewey Decimal Classification     Reference Wondo Genet Library Wondo Genet Library General Stacks 01/11/2022   551.48 OJH 2009 WGCFNRL000010112 01/11/2022 1 01/11/2022 Books like text book referance book